European Socialist Regimes' Fateful Engagement with the West : National Strategies in the Long 1970s.

This edited volume analyses European socialist countries' strategy of engagement with the West and the European Economic Community in the long 1970s.

Bibliographic Details
Main Author: Romano, Angela.
Other Authors: Romero, Federico.
Format: eBook
Language:English
Published: Milton : Taylor & Francis Group, 2022.
Edition:1st ed.
Series:Cold War History Series
Subjects:
Online Access:Click to View
LEADER 01794nam a22004093i 4500
001 EBC7245357
003 MiAaPQ
005 20231204023229.0
006 m o d |
007 cr cnu||||||||
008 231204s2022 xx o ||||0 eng d
020 |a 9781000210330  |q (electronic bk.) 
020 |z 9780367356170 
035 |a (MiAaPQ)EBC7245357 
035 |a (Au-PeEL)EBL7245357 
035 |a (OCoLC)1378938015 
040 |a MiAaPQ  |b eng  |e rda  |e pn  |c MiAaPQ  |d MiAaPQ 
082 0 |a 327.470409047 
100 1 |a Romano, Angela. 
245 1 0 |a European Socialist Regimes' Fateful Engagement with the West :  |b National Strategies in the Long 1970s. 
250 |a 1st ed. 
264 1 |a Milton :  |b Taylor & Francis Group,  |c 2022. 
264 4 |c Ã2021. 
300 |a 1 online resource (291 pages) 
336 |a text  |b txt  |2 rdacontent 
337 |a computer  |b c  |2 rdamedia 
338 |a online resource  |b cr  |2 rdacarrier 
490 1 |a Cold War History Series 
520 |a This edited volume analyses European socialist countries' strategy of engagement with the West and the European Economic Community in the long 1970s. 
588 |a Description based on publisher supplied metadata and other sources. 
590 |a Electronic reproduction. Ann Arbor, Michigan : ProQuest Ebook Central, 2023. Available via World Wide Web. Access may be limited to ProQuest Ebook Central affiliated libraries.  
655 4 |a Electronic books. 
700 1 |a Romero, Federico. 
776 0 8 |i Print version:  |a Romano, Angela  |t European Socialist Regimes' Fateful Engagement with the West  |d Milton : Taylor & Francis Group,c2022  |z 9780367356170 
797 2 |a ProQuest (Firm) 
830 0 |a Cold War History Series 
856 4 0 |u https://ebookcentral.proquest.com/lib/matrademy/detail.action?docID=7245357  |z Click to View